| 000 | 00000nam##2200000za#4500 |
| 001 | 9.696844 |
| 003 | CaOODSP |
| 005 | 20210624235221 |
| 007 | cr ||||||||||| |
| 008 | 150407|2002||||xxc|||||o f|0| 0 eng|d |
| 040 | |aCaOODSP|beng |
| 043 | |an-cn--- |
| 086 | 1 |aE97-69/2002E-PDF |
| 110 | 1 |aCanada.|bInternational Development Research Centre. |
| 245 | 10|aModern and traditional irrigation technologies in the eastern Mediterranean / |h[electronic resource]|cedited by Özay Mehmet and Hasan Ali Biçak. |
| 260 | |aOttawa - Ontario : |bInternational Development Research Centre |cMarch 2002. |
| 300 | |a212p.|bfigs., graphs, references, tables |
| 590 | |a12-41-Supp|b2012-11-07 |
| 690 | 07|aInternational development|2gcpds |
| 690 | 07|aIrrigation|2gcpds |
| 856 | 40|ahttp://publications.gc.ca|qPDF|s8.4 MB|uhttps://publications.gc.ca/collections/collection_2012/crdi-idrc/E97-69-2002-eng.pdf |